Score 0/60 Timer 10:00
0 Plays Today
Lyric Wrestler % Correct
First you hurt my friends, then you hurt my prideHulk Hogan
76%
Accept the Lord of Darkness as your saviorUndertaker
73.9%
Know your damn roleThe Rock
73.9%
Everybody's got a price'Million Dollar Man' Ted DiBiase
56.3%
Don't you forget there's a price you can payTriple H
55.5%
Don't treat me like a womanChyna
52.9%
In the darkness, light will take you to the other sideChristian
49.9%
If you ever take a trip down to Cobb County, GeorgiaBig Boss Man
45.1%
You tie a string around your finger now, boy, 'cause it's, it's just a matter of timeMr. McMahon
43.1%
RE!...SPECT!...WALK!Rob Van Dam
42.6%
We just got tired of doin' what you told us to doD-Generation X
42.4%
You're not enough for meMichelle McCool
42%
I keep it on lock like I'm part of the jailJohn Cena
41.8%
Stand back!Hurricane
41.8%
IT'S TIME! IT'S TIME!Vader
40.3%
Sleep with one eye open, gripping your pillow tightSandman
40%
You won't see it coming, but I promise you'll knowBig Show
39.9%
Nothing beats being coolCarlito
39.6%
Even through the darkest days, this fire burns alwaysCM Punk
38.6%
He's a man, such a man'Real Man's Man' Steven Regal
38.5%
I love to pick 'em, and I'm gonna kick 'emMr. Ass
38%
Biscuits 'n' gravy made me a manJesse and Festus
38%
Self High FiveDiamond Dallas Page
37.9%
Ain't I a sight to see?Rob Conway
29.5%
You might wind up in a bodybagnWo Wolfpac
28.7%
I'm brave, I'm handsome, I'm strong!The Mountie
27.3%
I guess I'll have to chew them up and spit them outBatista
26.6%
Forget the best of the century, y'all talk about the best of all time, you better mention meKurt Angle
24.8%
Trust me...Jake 'The Snake' Roberts
24.8%
Calling all cars, calling all carsBig Daddy V
24.1%
Lyric Wrestler % Correct
If you are black or white; redneck, funky, that's alrightDusty Rhodes
23.8%
This here is what you call dominationEzekiel Jackson
23.7%
Right now I own the streetsTrish Stratus
23.6%
Konichiwa!Curry Man
23.3%
You wear your sin like it's some kind of prizeSheamus
21.3%
I wanna give it all to ya'Sexual Chocolate' Mark Henry
19.6%
I like to drive with the top downZack Ryder
19.2%
Britney Spears is kind of cute3-Count
17.1%
What do you do when everybody wants youTorrie Wilson
15.3%
Don't double-cross him, or get in his waySting
14.7%
Both hands on the wheel, rollin' the highwayMick Foley
13.4%
Going for it all, just trying to be the bestShelton Benjamin
13.4%
Yes, I've lost my mindVictoria
13.1%
A 21st-century killing machineThe Dudley Boyz
12.8%
I bounce 'em back-to-back 'til they necks get softRon Killings
12.7%
He's coming, he's coming, he's coming aliveSuicide
12.4%
Just call me smooth, I'll make a moveMarcus Cor Von
11.8%
From Montreal to Memphis, parlez vous francais?The Fabulous Rougeaus
11.7%
This earth is not your placeJeff Jarrett
11.4%
Ja prinjos tebe bolVladimir Kozlov
9.3%
I know you, and I'll show you that the heat you feel is mineJack Swagger
9.2%
Shes so fine, she's all mine, the girl is alrightStacy Keibler
8.8%
They're irresistible, they're unpredictableAmerican Males
7.8%
Say it! Just say it! What's my name?'Prime Time' Elix Skipper
7.5%
My heart is as black as the blood in my veins and I've come to get it onTheodore Long
7.4%
Watch him do it, they never thought he could, but deep inside, he always knew he wouldSamoa Joe
6.2%
We're not gonna take it anymoreDavid Arquette
5.9%
You have awakened a sleeping giantMatt Morgan
5.7%
If your name is on the guest list, no one can take you higherBalls Mahoney
5.3%
I'm gonna fight and it won't be prettyMotor City Machine Guns
2.1%

You're not logged in!

Compare scores with friends on all Sporcle quizzes.
OR
Log In

Sporcle TV

Today on Sporcle TV


Watch our educational content, quiz creation guides, and fun videos on Sporcle TV.

Show Comments

Extras

Top Quizzes Today


Score Distribution

Paid Content

Your Account Isn't Verified!

In order to create a playlist on Sporcle, you need to verify the email address you used during registration. Go to your Sporcle Settings to finish the process.

Report this User

Report this user for behavior that violates our Community Guidelines.

Details: